UBT Library

PRINCIPLES OF ANATOMY AND PHYSIOLOGY (Record no. 59653)

000 -LEADER
fixed length control field 00358nam a22001457a 4500
008 - FIXED-LENGTH DATA ELEMENTS--GENERAL INFORMATION
fixed length control field 230503b ||||| |||| 00| 0 eng d
020 ## - INTERNATIONAL STANDARD BOOK NUMBER
International Standard Book Number 0060466693
041 ## - LANGUAGE CODE
Language code of text/sound track or separate title eng
080 ## - UNIVERSAL DECIMAL CLASSIFICATION NUMBER
Edition identifier FIFTH EDITION
Universal Decimal Classification number 611
082 ## - DEWEY DECIMAL CLASSIFICATION NUMBER
Edition number 611TOR
100 ## - Rafti
Rafti 11
101 ## - Shkurtesa
Shkurtesa ANATOMI PSIKOLOGJI
245 ## - TITLE STATEMENT
Title PRINCIPLES OF ANATOMY AND PHYSIOLOGY
Statement of responsibility, etc TORTORA .J.G
942 ## - ADDED ENTRY ELEMENTS (KOHA)
Source of classification or shelving scheme
Item type Books
Holdings
Withdrawn status Lost status Source of classification or shelving scheme Damaged status Not for loan Collection code Permanent location Current location Date acquired Total Checkouts Full call number Barcode Date last seen Price effective from Koha item type
          Koleksioni i përgjithshem UBT - Lipjan UBT - Lipjan 05/03/2023   611TOR 002-80008078 05/03/2023 05/03/2023 Books
UBT Library © 2015-2024. All rights reserved University Education for Business and Technology